Science Quiz

Random Science or Animal Quiz

Animal Collective Names Quiz Stats

Quiz not verified by Sporcle

Challenge
Share
Tweet
Score 0/20 Timer 03:00
0 Plays Today
% Correct
Murder
90.3%
Prickle
84.5%
Flamboyance
80%
Tower
75.5%
Bed
75.5%
Crash
70.3%
Culture
69%
Mischief
65.8%
Blessing
65.2%
Rhumba
63.9%
% Correct
Wisdom
63.9%
Unkindness
63.2%
Intrusion
61.3%
Cloud
52.9%
Battery
52.3%
Business
51.6%
Coalition
49.7%
Army
48.4%
Congregation
41.3%
Congress
29.7%

You're not logged in!

Compare scores with friends on all Sporcle quizzes.
Join for Free
OR
Log In

You Might Also Like...

Show Comments

Extras

Top Quizzes Today


Score Distribution

Your Account Isn't Verified!

In order to create a playlist on Sporcle, you need to verify the email address you used during registration. Go to your Sporcle Settings to finish the process.

Report this User

Report this user for behavior that violates our Community Guidelines.

Details: